greek gods and goddess and symbol - Statistics

General Stats
  • This quiz has been taken 219 times
  • The average score is 12 of 14
Answer Stats
symbol god % Correct
lighting bolt and eagle zeus
99%
trident and horse poseidon
97%
owl or olive tree athena
96%
bloodied spear ares
93%
python or lyre apollo
92%
bow and arrow or moon artemis
92%
peacock hera
91%
grape vine,bull or panther dionysus
89%
hammer,anvil or a pair of tongs hephaestus
89%
dove or golden apple aphrodite
87%
2 snakes wrapped around a winged staff hermes
86%
torch,a crown of flowers demeter
84%
hearthand tamed fire hestia
82%
scepter or horn of plenty hades
74%
No matching quizzes found
Score Distribution
Percent of People with Each Score
Percentile by Number Answered
Your Score History
You have not taken this quiz